| 000 | 00458nam a2200157Ia 4500 | ||
|---|---|---|---|
| 005 | 20250509034100.0 | ||
| 008 | 240331s9999 xx 000 0 und d | ||
| 020 | _a9559008277 | ||
| 082 |
_bATU _a891 |
||
| 100 | _aAthukorala,D | ||
| 245 | 0 | _aSatutin devi gewana maga ha sith thawulen midena maga | |
| 260 |
_aColombo _bSikasha mandhira publishers _c2001 |
||
| 300 | _a236 p ., | ||
| 500 | _aTranslation of How To stop worrying and start living | ||
| 942 | _cL | ||
| 999 |
_c5045 _d5045 |
||